Fundamentals of accountancy. Pt 2 and 3 (Record no. 31472)

MARC details
000 -LEADER
fixed length control field 00336nam a2200133Ia 4500
082 ## - DEWEY DECIMAL CLASSIFICATION NUMBER
Classification number 657
Item number JAI;1
100 ## - MAIN ENTRY--AUTHOR NAME
Personal name Jain, S P
245 #0 - TITLE STATEMENT
Title Fundamentals of accountancy. Pt 2 and 3
260 ## - PUBLICATION, DISTRIBUTION, ETC. (IMPRINT)
Place of publication Delhi
Name of publisher Shree Mahavir
Year of publication 1974
650 ## - SUBJECT ADDED ENTRY--TOPICAL TERM
Topical Term Accountancy
700 ## - ADDED ENTRY--PERSONAL NAME
Personal name Narang, K L
942 ## - ADDED ENTRY ELEMENTS (KOHA)
Koha item type Books
Holdings
Withdrawn status Lost status Damaged status Not for loan Home library Current library Date acquired Cost, normal purchase price Full call number Accession Number Koha item type
        RRII Library RRII Library 16/12/2021 20.00 657 JAI;1 12017 Books